000 00442nam a2200181Ia 4500
001 15672
005 20260306170213.0
008 260306t2016||||xx |||||||||||||| ||und||
041 _aESP
082 _a572
_bS83 V. 1
100 _aStryer, Lubert,
_eAUT
245 0 _aBioquímica :
_bcon aplicaciones clínicas
260 _c2016
300 _axxv, 703 páginas :
_c28 cm.
650 _aGEN
654 _aCCS
942 _cLIB
_dJUS
_fJUS
_2ddc
_n
999 _c15672
_d15672